00588nam a22001817a 4500003000400000020001800004082001800022100001600040245004800056250001300104260003700117300000800154650001700162653004800179942001200227952015000239999001700389SGT a9788197055973 a612.015bL24S aSINGH, RITU aLIPPINCOTT ILLUSTRATED REVIEWS BIOCHEMISTRY a2ND S.A. aINDIAbWOLTERS KLUWER PUB c2024 a854 aBIOCHEMISTRY aLIPPINCOTT ILLUSTRATED REVIEWS BIOCHEMISTRY 2ddccBK 00102ddc40718MEDICALaFMbFMcREFd2025-02-11eABC DELHIg1799.00iSGTUl0o612.015 L24SpFM15060r2025-04-09 00:00:00w2025-02-11yBKk20461 c30791d30791